Design of concrete structures (Record no. 3628)

000 -LEADER
fixed length control field 00663nam a2200229 a 4500
001 - CONTROL NUMBER
control field 3628
003 - CONTROL NUMBER IDENTIFIER
control field BD-DhUET
008 - FIXED-LENGTH DATA ELEMENTS--GENERAL INFORMATION
fixed length control field 850621s1985 enka b 101 0 eng
020 ## - INTERNATIONAL STANDARD BOOK NUMBER
International Standard Book Number 007Y665486
040 ## - CATALOGING SOURCE
Original cataloging agency DLC
Transcribing agency DLC
Modifying agency BD-DhUET
082 00 - DEWEY DECIMAL CLASSIFICATION NUMBER
Classification number 624.183
Item number NIL/1986
100 ## - MAIN ENTRY--PERSONAL NAME
Personal name Nilson, Arthur H.
245 00 - TITLE STATEMENT
Title Design of concrete structures
Statement of responsibility, etc. by Arthur H. Nilson and George Winter
250 ## - EDITION STATEMENT
Edition statement 10th ed.
260 ## - PUBLICATION, DISTRIBUTION, ETC. (IMPRINT)
Place of publication, distribution, etc. New York:
Name of publisher, distributor, etc. McGraw Hill Book Company,
Date of publication, distribution, etc. 1986.
300 ## - PHYSICAL DESCRIPTION
Extent xi, 380 p. :
Other physical details ill. ;
Dimensions 23 cm.
490 ## - SERIES STATEMENT
Series statement Civil engineering series
504 ## - BIBLIOGRAPHY, ETC. NOTE
Bibliography, etc Includes bibliographies
650 #0 - SUBJECT ADDED ENTRY--TOPICAL TERM
Topical term or geographic name as entry element Reinforced concrete
700 ## - ADDED ENTRY--PERSONAL NAME
Personal name Winter, George
942 ## - ADDED ENTRY ELEMENTS (KOHA)
Koha item type General Book
Holdings
Damaged status Koha date last seen Date acquired Withdrawn status Koha normalized classification for sorting Shelving location Koha date last borrowed Piece designation (barcode) Koha issues (times borrowed) Copy number Not for loan Location (home branch) Koha item type Koha full call number Koha renewals Lost status Sublocation or collection (holding branch) Price effective from Koha out on loan Source of classification or shelving scheme
 2026-02-232014-11-02 624_000000000000000_183NIL1986Circulation section2026-02-237787361 Central Library, BUETGeneral Book624.183/NIL/19861 Central Library, BUET2014-11-022027-02-23 
 2024-12-041990-10-23 624_183000000000000_NIL_1986Rental section 77816 ১০/ক-১ Central Library, BUETRental Item624.183 NIL/1986  Central Library, BUET2024-12-04  
 2024-12-041990-10-23 624_183000000000000_NIL_1986Rental section 77817 ১০/ক-২ Central Library, BUETRental Item624.183 NIL/1986  Central Library, BUET2024-12-04  
 2024-12-041990-10-23 624_183000000000000_NIL_1986Rental section 77818 ১০/ক-৩ Central Library, BUETRental Item624.183 NIL/1986  Central Library, BUET2024-12-04  
 2024-12-041990-10-23 624_183000000000000_NIL_1986Rental section 77819 ১০/ক-৪ Central Library, BUETRental Item624.183 NIL/1986  Central Library, BUET2024-12-04  
 2024-12-041990-10-23 624_183000000000000_NIL_1986Rental section 77820 ১০/ক-৫ Central Library, BUETRental Item624.183 NIL/1986  Central Library, BUET2024-12-04  
 2024-12-041990-10-23 624_183000000000000_NIL_1986Rental section 77821 ১০/ক-৬ Central Library, BUETRental Item624.183 NIL/1986  Central Library, BUET2024-12-04  
 2024-12-041990-10-23 624_183000000000000_NIL_1986Rental section 77822 ১০/ক-৭ Central Library, BUETRental Item624.183 NIL/1986  Central Library, BUET2024-12-04  
 2024-12-041990-10-23 624_183000000000000_NIL_1986Rental section 77823 ১০/ক-৮ Central Library, BUETRental Item624.183 NIL/1986  Central Library, BUET2024-12-04  
 2024-12-041990-10-23 624_183000000000000_NIL_1986Rental section 77824 ১০/ক-৯ Central Library, BUETRental Item624.183 NIL/1986  Central Library, BUET2024-12-04  
 2024-12-041990-10-23 624_183000000000000_NIL_1986Rental section 77825 ১০/ক-১০ Central Library, BUETRental Item624.183 NIL/1986  Central Library, BUET2024-12-04  
 2024-12-041990-10-23 624_183000000000000_NIL_1986Rental section 77826 ১০/ক-১১ Central Library, BUETRental Item624.183 NIL/1986  Central Library, BUET2024-12-04  
 2024-12-041990-10-23 624_183000000000000_NIL_1986Rental section 77827 ১০/ক-১২ Central Library, BUETRental Item624.183 NIL/1986  Central Library, BUET2024-12-04  
 2024-12-041990-10-23 624_183000000000000_NIL_1986Rental section 77828 ১০/ক-১৩ Central Library, BUETRental Item624.183 NIL/1986  Central Library, BUET2024-12-04  
 2024-12-041990-10-23 624_183000000000000_NIL_1986Rental section 77829 ১০/ক-১৪ Central Library, BUETRental Item624.183 NIL/1986  Central Library, BUET2024-12-04  
 2024-12-041990-10-23 624_183000000000000_NIL_1986Rental section 77830 ১০/ক-১৫ Central Library, BUETRental Item624.183 NIL/1986  Central Library, BUET2024-12-04  
 2024-12-041990-10-23 624_183000000000000_NIL_1986Rental section 77831 ১০/ক-১৬ Central Library, BUETRental Item624.183 NIL/1986  Central Library, BUET2024-12-04  
 2024-12-041990-10-23 624_183000000000000_NIL_1986Rental section 77832 ১০/ক-১৭ Central Library, BUETRental Item624.183 NIL/1986  Central Library, BUET2024-12-04  
 2024-12-041990-10-23 624_183000000000000_NIL_1986Rental section 77833 ১০/ক-১৮ Central Library, BUETRental Item624.183 NIL/1986  Central Library, BUET2024-12-04  
 2024-12-041990-10-23 624_183000000000000_NIL_1986Rental section 77834 ১০/ক-১৯ Central Library, BUETRental Item624.183 NIL/1986  Central Library, BUET2024-12-04  
 2024-12-041990-10-23 624_183000000000000_NIL_1986Rental section 77835 ১০/ক-২০ Central Library, BUETRental Item624.183 NIL/1986  Central Library, BUET2024-12-04